Využitie metód spracovania obrazu a zvuku na trénovanie prezentačných schopností

Enregistré dans:
Détails bibliographiques
Auteur principal: Branný, David (Auteur)
Autres auteurs: Bahleda, Miroslav (Directeur de thèse)
Format: Manuscrit Livre
Langue:slovaque
Publié: 2024
Sujets:
Accès en ligne:http://is.stuba.sk/zp/portal_zp.pl?podrobnosti=177055
Tags: Ajouter un tag
Pas de tags, Soyez le premier à ajouter un tag!

MARC

LEADER 00000ntm a22000003a 4500
001 stuzp100106
003 SK-STU
005 20240608213333.7
007 ta
008 150427s2015----xo-----f-mn---000-0-slo-d
040 |a STU  |b slo 
041 0 |a slo 
100 1 |a Branný, David  |u 070200  |4 aut  |U FIIT Fakulta informatiky a informačných technológií  |T FIIT Ústav informatiky, informačných systémov a softvérového inžinierstva  |X 96681  |U I200  |Y 179  |7 96681 
242 0 1 |a Use of Image and Sound Processing Methods to Train Presentation Skills  |y eng 
245 1 0 |a Využitie metód spracovania obrazu a zvuku na trénovanie prezentačných schopností 
260 |c 2024 
650 4 |a spracovanie obrazu  |2 slo 
650 4 |a verejný prejav  |2 slo 
650 4 |a vzory správania  |2 slo 
650 4 |a spracovanie zvuku  |2 slo 
650 4 |a behavioral patterns  |2 eng 
650 4 |a audio processing  |2 eng 
650 4 |a public speech  |2 eng 
650 4 |a image processing  |2 eng 
700 1 |a Bahleda, Miroslav  |4 ths  |X 109477  |7 109477 
856 4 |u http://is.stuba.sk/zp/portal_zp.pl?podrobnosti=177055